|
|
|
|
| LEADER |
00000nam0a2200000 4500 |
| 001 |
314047 |
| 005 |
20231102002634.0 |
| 035 |
|
|
|a (RuTPU)RU\TPU\book\339457
|
| 090 |
|
|
|a 314047
|
| 100 |
|
|
|a 20160208d1976 km y0rusy50 ca
|
| 101 |
0 |
|
|a rus
|
| 102 |
|
|
|a RU
|
| 105 |
|
|
|a a z 001zy
|
| 200 |
1 |
|
|a Внутреннее трение и структура металлов
|f М. А. Криштал, С. А. Головин
|
| 210 |
|
|
|a Москва
|c Металлургия
|d 1976
|
| 215 |
|
|
|a 376 с.
|c ил.
|
| 320 |
|
|
|a Библиогр.: с. 356-374
|
| 606 |
1 |
|
|a Металлы
|x Трение внутреннее
|2 stltpush
|3 (RuTPU)RU\TPU\subj\43221
|9 62771
|
| 606 |
1 |
|
|a Металлы
|x Структура
|2 stltpush
|3 (RuTPU)RU\TPU\subj\43044
|
| 610 |
1 |
|
|a физика
|
| 610 |
1 |
|
|a металловедение
|
| 610 |
1 |
|
|a неупругость
|
| 610 |
1 |
|
|a внутреннее трение
|
| 610 |
1 |
|
|a точечные дефекты
|
| 610 |
1 |
|
|a кристаллические решетки
|
| 610 |
1 |
|
|a атомы
|
| 610 |
1 |
|
|a дислокации
|
| 610 |
1 |
|
|a металловедческие исследования
|
| 675 |
|
|
|a 539.67
|v 4
|
| 675 |
|
|
|a 669:539.2
|v 4
|
| 700 |
|
1 |
|a Криштал
|b М. А.
|g Михаил Аронович
|
| 701 |
|
1 |
|a Головин
|b С. А.
|g Станислав Александрович
|
| 801 |
|
1 |
|a RU
|b 63413507
|c 20160208
|
| 801 |
|
2 |
|a RU
|b 63413507
|c 20200113
|g RCR
|
| 942 |
|
|
|c BK
|